NPB通算本塁打TOP100 - Statistics

General Stats
  • This quiz has been taken 874 times
  • The average score is 37 of 101
Answer Stats
本塁打 最終所属 選手 % Correct
868 巨人 王貞治
99%
657 西武 野村克也
86%
510 日本ハム 落合博満
82%
454 西武 中村剛也
81%
444 巨人 長嶋茂雄
81%
525 オリックス 清原和博
80%
536 広島 山本浩二
73%
464 オリックス ローズ
73%
266 巨人 坂本勇人
71%
357 ソフトバンク カブレラ
70%
476 阪神 金本知憲
69%
413 ソフトバンク 小久保裕紀
68%
406 巨人 阿部慎之助
68%
404 DeNA 中村紀洋
68%
271 ヤクルト 山田哲人
68%
567 ダイエー 門田博光
67%
380 DeNA ラミレス
67%
332 巨人 松井秀喜
66%
504 広島 衣笠祥雄
65%
301 ソフトバンク バレンティン
63%
437 ダイエー 秋山幸二
62%
378 中日 小笠原道大
62%
319 広島 新井貴浩
60%
238 ソフトバンク 柳田悠岐
60%
352 ソフトバンク 松中信彦
59%
349 阪神 掛布雅之
59%
504 ロッテ 張本勲
57%
288 巨人 中田翔
57%
247 オリックス 岡田彰布
55%
403 中日 山崎武司
53%
321 巨人 高橋由伸
52%
285 中日 福留孝介
50%
218 西武 山川穂高
50%
217 ヤクルト 古田敦也
50%
382 巨人 原辰徳
49%
257 楽天 浅村栄斗
48%
244 阪神 城島健司
47%
474 西武 田淵幸一
45%
360 巨人 村田修一
45%
319 中日 和田一浩
45%
251 巨人 丸佳浩
45%
295 広島 前田智徳
44%
240 中日 ウッズ
44%
277 ダイエー ブーマー
41%
261 日本ハム 稲葉篤紀
41%
233 ソフトバンク ペタジーニ
41%
486 ヤクルト 大杉勝男
39%
251 ロッテ 井口資仁
39%
230 広島 小鶴誠
39%
364 西武 江藤智
37%
465 西武 土井正博
32%
304 ヤクルト 池山隆寛
32%
301 巨人 松田宣浩
32%
244 西鉄 中西太
32%
224 大阪 藤村富美男
32%
259 近鉄 ブライアント
31%
283 ロッテ リー
28%
229 中日 谷繁元信
27%
209 巨人 中島宏之
27%
338 ロッテ 宇野勝
26%
287 日本ハム 田中幸雄
25%
396 広島 山内一弘
24%
241 広島 緒方孝市
24%
232 ロッテ 初芝清
24%
292 阪神 真弓明信
23%
220 ヤクルト 若松勉
22%
382 日本ハム 大島康徳
20%
306 阪神 広澤克実
18%
268 ヤクルト レオン
18%
213 ロッテ レアード
17%
236 中日 高木守道
16%
367 ロッテ 江藤慎一
15%
348 ロッテ 有藤通世
15%
236 ダイエー 石毛宏典
15%
273 中日 谷沢健一
14%
246 西鉄 榎本喜八
14%
331 巨人 松原誠
13%
347 南海 加藤英司
12%
338 阪急 長池徳士
10%
282 オリックス 藤井康雄
10%
278 大洋 田代富雄
10%
277 中日 大豊泰昭
10%
269 阪神 石嶺和彦
10%
263 サンケイ 豊田泰光
10%
270 西武 山崎裕之
9%
265 阪急 青田昇
9%
285 中日 木俣達彦
8%
246 近鉄 ジョーンズ
7%
232 阪神 柏原純一
7%
224 ヤクルト 杉浦享
7%
218 巨人 シピン
7%
215 近鉄 栗橋茂
7%
244 阪急 水谷実雄
6%
232 ヤクルト マルカーノ
6%
212 中日 西沢道夫
6%
209 近鉄 白仁天
5%
229 阪急 島谷金二
4%
223 ヤクルト 桑田武
4%
216 阪神 竹之内雅史
3%
225 近鉄 羽田耕一
2%
209 近鉄 杉山悟
2%
No matching quizzes found
Score Distribution
Percent of People with Each Score
Percentile by Number Answered
Your Score History
You have not taken this quiz